[Event "52nd World Juniors 2013"]
[Site "Kocaeli TUR"]
[Date "2013.09.17"]
[Round "5.14"]
[White "Indjic, Aleksandar"]
[Black "Georgiadis, Nico"]
[Result "1-0"]
[WhiteTitle "IM"]
[BlackTitle "FM"]
[WhiteElo "2549"]
[BlackElo "2396"]
[WhiteFideId "911925"]
[BlackFideId "1300113"]
[EventDate "2013.09.13"]

1. d4 d5 2. c4 dxc4 3. e4 e5 4. Nf3 Bb4+ 5. Nc3 exd4 6. Qxd4 Qxd4 7. Nxd4 Nf6 8.
f3 Bc5 9. Be3 Nc6 10. Nc2 Bxe3 11. Nxe3 Be6 12. Bxc4 Bxc4 13. Nxc4 O-O-O 14. Ke2
Rd4 15. b3 Rhd8 16. Rhd1 Rxd1 17. Rxd1 Rxd1 18. Kxd1 Nd7 19. Kd2 Nc5 20. Ne3 Kd7
21. Nf5 Ne6 22. Ke3 Nb4 23. g3 Nc2+ 24. Kd3 Ne1+ 25. Ke2 Nc2 26. f4 Ned4+ 27.
Nxd4 Nxd4+ 28. Kd3 c5 29. e5 b6 30. Ne4 Nc6 31. Kc4 h6 32. Kb5 Nb4 33. a4 Ke6
34. Nd6 Kd5 35. Nxf7 Nc6 36. Ka6 Nd4 37. Kxa7 Nxb3 38. Nd6 Kc6 39. Nc8 c4 40.
Nxb6 c3 41. e6 1-0

[Event "52nd World Juniors 2013"]
[Site "Kocaeli TUR"]
[Date "2013.09.17"]
[Round "5.15"]
[White "Ali Marandi, Cemil Can"]
[Black "Narayanan, Srinath"]
[Result "0-1"]
[WhiteTitle "IM"]
[BlackTitle "IM"]
[WhiteElo "2403"]
[BlackElo "2483"]
[WhiteFideId "6300529"]
[BlackFideId "5018420"]
[EventDate "2013.09.13"]

1. e4 c5 2. Nf3 d6 3. d4 Nf6 4. Nc3 cxd4 5. Nxd4 a6 6. f3 e5 7. Nb3 Be6 8. Be3
Nbd7 9. Qd2 b5 10. O-O-O h5 11. Nd5 Bxd5 12. exd5 Nb6 13. Qc3 Rb8 14. Be2 Be7
15. Na5 Nbxd5 16. Rxd5 Rc8 17. Qb3 Nxd5 18. Qxd5 Qxa5 19. Bd3 Qc7 20. Be4 O-O
21. Qd2 d5 22. Qxd5 Rfd8 23. Qb3 Qc4 24. Qxc4 Rxc4 25. Re1 g6 26. Kb1 f5 27. Bd3
Rc6 28. Bd2 Bf6 29. Bc3 e4 30. fxe4 Bxc3 31. bxc3 Re8 32. Kb2 Rce6 33. a4 fxe4
34. Be2 Rc6 35. axb5 axb5 36. Bf3 Rc4 37. Be2 Rc5 38. Bf1 Kg7 39. Kb3 Rf8 40.
Kb4 Re5 41. Bxb5 Rf2 42. Be2 Rxg2 43. c4 Rxh2 44. c5 Rf2 45. c6 Rf7 46. Bb5 Rc7
47. c4 e3 48. c5 Rce7 49. Be2 Rd5 50. Kb5 Rd8 51. Bf1 g5 52. Kb6 Rb8+ 53. Ka6
Rb2 54. Bb5 e2 55. Kb6 h4 56. c7 Rxc7 57. Kxc7 Rxb5 58. c6 Rb2 59. Kd6 Rd2+ 60.
Ke6 Rc2 61. Kf5 Rc5+ 62. Kg4 Kg6 63. Rxe2 Rc4+ 64. Kf3 Rxc6 65. Kg4 Rc4+ 66. Kh3
Rc3+ 67. Kg2 Kh5 68. Re4 h3+ 69. Kh2 g4 70. Re8 Rc2+ 71. Kh1 Kh4 72. Re1 g3 73.
Ra1 Rc4 74. Rb1 h2 75. Kg2 Rc2+ 76. Kh1 Kh3 0-1

[Event "52nd World Juniors 2013"]
[Site "Kocaeli TUR"]
[Date "2013.09.17"]
[Round "5.18"]
[White "Akhmetov, Ayan"]
[Black "Dastan, Muhammed Batuhan"]
[Result "0-1"]
[BlackTitle "IM"]
[WhiteElo "2382"]
[BlackElo "2455"]
[WhiteFideId "13703706"]
[BlackFideId "6300014"]
[EventDate "2013.09.13"]

1. e4 e5 2. Nf3 Nc6 3. Nc3 Nf6 4. d4 exd4 5. Nxd4 Bb4 6. Nxc6 bxc6 7. Bd3 d6 8.
O-O Ng4 9. Bf4 Qf6 10. Ne2 Bc5 11. c3 Nxf2 12. Rxf2 Bxf2+ 13. Kxf2 g5 14. Qa4
Bd7 15. Kg1 gxf4 16. Rf1 Qe5 17. Rxf4 O-O 18. Rf3 f5 19. exf5 Bxf5 20. Bxf5 Rxf5
21. Qg4+ Rg5 22. Qc4+ Qd5 23. Qf4 Re8 24. Nd4 Rg6 25. h4 Kh8 26. g3 c5 27. Nf5
Re4 28. Qc1 Qe5 29. Qd2 Re2 30. Qd3 Qe4 31. Qxe4 Rxe4 32. h5 Rf6 33. Kg2 Re2+
34. Kh3 Rxb2 35. g4 Rxa2 36. Re3 h6 37. Re8+ Kh7 38. Re7+ Kg8 39. Rxc7 Rc2 40.
Kh4 a5 41. Ra7 Rxc3 42. Ne7+ Kf8 43. Nd5 Rcf3 44. Nxf6 Rxf6 45. Rxa5 Kf7 46. Ra4
Rf1 47. Ra7+ Ke6 48. Rh7 Rf6 49. Rg7 c4 50. g5 Rf4+ 51. Kg3 hxg5 52. Rxg5 Rf1
53. Kg2 c3 54. Rg6+ Kd5 55. Rg5+ Kc4 56. Rg4+ Kb3 57. Rg3 Rf5 58. h6 Rh5 0-1

[Event "52nd World Juniors 2013"]
[Site "Kocaeli TUR"]
[Date "2013.09.17"]
[Round "5.19"]
[White "Ynojosa, Felix Jose"]
[Black "Nasanjargal, Urtnasan"]
[Result "0-1"]
[WhiteTitle "IM"]
[BlackTitle "FM"]
[WhiteElo "2439"]
[BlackElo "2323"]
[WhiteFideId "3900258"]
[BlackFideId "4900774"]
[EventDate "2013.09.13"]

1. e4 c5 2. c3 d5 3. exd5 Qxd5 4. d4 g6 5. Nf3 Bg7 6. Be3 cxd4 7. cxd4 Qa5+ 8.
Nbd2 Nh6 9. Bc4 O-O 10. O-O Nf5 11. Nb3 Qb6 12. Qe2 Nc6 13. Rfd1 Nxe3 14. fxe3
e5 15. d5 e4 16. dxc6 Bg4 17. Qf2 exf3 18. gxf3 Bh6 19. Rd4 Rae8 20. Re1 Bc8 21.
cxb7 Bxb7 22. e4 Bf4 23. Bd5 Be5 24. Rd2 Bxh2+ 25. Kxh2 Qxf2+ 26. Rxf2 Bxd5 27.
Nc5 Bc6 28. Rd1 Rd8 29. Rfd2 Rxd2+ 30. Rxd2 Rc8 31. b4 Kf8 32. Kg3 Ke7 33. Rb2
Kd6 34. Rd2+ Ke7 35. Rd3 Rb8 36. Rb3 h5 37. a4 Rc8 38. Rd3 Be8 39. Rc3 Rd8 40.
b5 Rd4 41. Rc2 g5 42. e5 Bd7 43. Kh2 Bf5 44. Rg2 f6 45. exf6+ Kxf6 46. Ra2 Rc4
47. Nb7 Be6 48. Rd2 Rxa4 49. Rd8 Ra2+ 50. Kg1 Rc2 51. Na5 Rc5 52. Rf8+ Ke7 53.
Rh8 Rxb5 54. Nc6+ Kd6 55. Nxa7 Rb1+ 56. Kf2 h4 57. f4 Rb2+ 58. Kg1 gxf4 59. Rxh4
f3 60. Rf4 Bd5 61. Nc8+ Ke5 62. Rf8 Rg2+ 63. Kf1 Bc4+ 64. Ke1 Re2+ 65. Kf1 Rc2+
66. Ke1 Be6 67. Rxf3 Bxc8 68. Rf2 Rc4 69. Kd2 Bf5 70. Kd1 Bd3 71. Rf8 Kd4 72.
Rf4+ Be4 73. Rf2 Rc3 74. Ra2 Rh3 75. Ra4+ Ke3 76. Ra3+ Bd3 77. Kc1 Rh2 78. Ra4
Rc2+ 79. Kd1 Rb2 80. Ra1 Kd4 81. Ra4+ Bc4 82. Kc1 Rh2 83. Ra3 Kc5 84. Rc3 Kb4
85. Rc2 Rh3 86. Kb2 Rh8 87. Rf2 Ra8 88. Rf3 Ra2+ 89. Kc1 Bb3 90. Rf4+ Ka3 91.
Rh4 Rc2+ 92. Kb1 Rc3 93. Rh1 Bd5 94. Re1 Bf3 95. Re8 Bb7 96. Re7 Ba6 97. Ra7 Rc6
98. Ra8 Kb3 99. Rb8+ Kc3 100. Ra8 Rh6 101. Rb8 Rh1+ 102. Ka2 Bc4+ 103. Ka3 Ra1# 0-1

[Event "52nd World Juniors 2013"]
[Site "Kocaeli TUR"]
[Date "2013.09.17"]
[Round "5.20"]
[White "Lozhnikov, Vyacheslav"]
[Black "Dimitrov, Radoslav"]
[Result "0-1"]
[WhiteTitle "FM"]
[BlackTitle "IM"]
[WhiteElo "2339"]
[BlackElo "2437"]
[WhiteFideId "13704761"]
[BlackFideId "2908549"]
[EventDate "2013.09.13"]

1. d4 d5 2. c4 c6 3. Nf3 Nf6 4. e3 Bf5 5. cxd5 cxd5 6. Nc3 Nc6 7. Ne5 e6 8. g4
Bg6 9. h4 h5 10. Nxg6 fxg6 11. g5 Nd7 12. Qc2 Kf7 13. Bd3 Ne7 14. e4 Nb6 15. Rh3
Qd7 16. Rf3+ Kg8 17. exd5 Nf5 18. Bxf5 exf5 19. Bf4 Bd6 20. Bxd6 Qxd6 21. O-O-O
Kh7 22. Kb1 Rhe8 23. Qd3 Nxd5 24. Nxd5 Qxd5 25. Re3 Rad8 26. f3 Qxd4 27. Qxd4
Rxd4 28. Rxe8 Rxd1+ 29. Kc2 Rd4 30. Re7 b5 31. Rxa7 Rxh4 32. Rd7 Rc4+ 33. Kd1 f4
34. Rd5 b4 35. Re5 Rd4+ 36. Ke1 b3 37. axb3 Rd3 38. Ke2 Rxb3 39. Re4 Rxb2+ 40.
Kf1 Rb5 41. Kf2 Rxg5 42. Rxf4 Rf5 43. Rc4 g5 44. Kg3 Ra5 45. Rb4 Ra3 46. Kg2 Kh6
47. Rb6+ g6 48. Rb4 g4 49. fxg4 h4 0-1

[Event "52nd World Juniors 2013"]
[Site "Kocaeli TUR"]
[Date "2013.09.17"]
[Round "5.21"]
[White "Velten, Paul"]
[Black "Ratkovic, Milovan"]
[Result "1-0"]
[WhiteTitle "FM"]
[WhiteElo "2427"]
[BlackElo "2302"]
[WhiteFideId "681091"]
[BlackFideId "914525"]
[EventDate "2013.09.13"]

1. Nf3 d5 2. d4 Nc6 3. e3 Bg4 4. Bb5 e6 5. Nbd2 Ne7 6. h3 Bh5 7. c3 a6 8. Ba4 b5
9. Bc2 Nc8 10. a4 Nd6 11. e4 Be7 12. O-O f5 13. exd5 exd5 14. Bb3 Nc4 15. Qe2
N6a5 16. Bc2 O-O 17. Nxc4 bxc4 18. Re1 Bf6 19. Be3 Qd7 20. Ne5 Bxe5 21. Qxh5 Bd6
22. Qf3 c6 23. Bf4 Nb3 24. Bxb3 cxb3 25. Bxd6 Qxd6 26. Re5 Rae8 27. Rae1 Rxe5
28. Rxe5 Qh6 29. Qd1 f4 30. f3 Qg6 31. Qxb3 Re8 32. Qb7 Rxe5 33. dxe5 Qf5 34.
Qxc6 Qxe5 35. Qxa6 Qe3+ 36. Kh2 h6 37. Qa8+ Kh7 38. Qxd5 Qc1 39. Qe4+ Kh8 40. b4 1-0

[Event "52nd World Juniors 2013"]
[Site "Kocaeli TUR"]
[Date "2013.09.17"]
[Round "5.22"]
[White "Ferreira, Jorge Viterbo"]
[Black "Wang, Yiye"]
[Result "0-1"]
[WhiteTitle "FM"]
[WhiteElo "2426"]
[BlackElo "2258"]
[WhiteFideId "1910850"]
[BlackFideId "8606021"]
[EventDate "2013.09.13"]

1. c4 Nf6 2. g3 g6 3. Bg2 Bg7 4. Nc3 c5 5. e4 Nc6 6. Nge2 d6 7. O-O O-O 8. d3
Bg4 9. f3 Bd7 10. Be3 a6 11. a4 Ne8 12. Bf2 Nc7 13. d4 cxd4 14. Nxd4 Rb8 15. f4
Re8 16. Nb3 b6 17. Nd4 Na5 18. b3 e5 19. Nde2 exf4 20. gxf4 Bg4 21. Rc1 Ne6 22.
Qc2 b5 23. f5 Ng5 24. axb5 axb5 25. Nd5 bxc4 26. b4 Nc6 27. f6 Bh6 28. Nd4 Ne5
29. Bg3 Qd7 30. Kh1 Ne6 31. Qc3 Nxd4 32. Qxd4 Be2 33. Rfe1 Nf3 34. Qf2 Nxe1 35.
Rxe1 Bg4 36. Bf4 Bf8 37. Qe3 Be6 38. Bh6 Bxd5 39. Bxf8 Qe6 40. Bg7 Bxe4 41. Bxe4
Rxb4 42. Bh6 d5 0-1

[Event "52nd World Juniors 2013"]
[Site "Kocaeli TUR"]
[Date "2013.09.17"]
[Round "5.23"]
[White "Baghdasaryan, Vahe"]
[Black "Docena, Jerad"]
[Result "1-0"]
[WhiteTitle "IM"]
[WhiteElo "2423"]
[BlackElo "2227"]
[WhiteFideId "13303139"]
[BlackFideId "5208173"]
[EventDate "2013.09.13"]

1. e4 c5 2. Nf3 d6 3. d4 cxd4 4. Nxd4 Nf6 5. Nc3 Nc6 6. Bg5 e6 7. Qd2 Be7 8.
O-O-O O-O 9. f4 Nxd4 10. Qxd4 Qa5 11. Kb1 h6 12. h4 Rd8 13. Bd3 Bd7 14. e5 dxe5
15. fxe5 Bc6 16. Qf4 Nh5 17. Qg4 Rxd3 18. cxd3 hxg5 19. Qxh5 gxh4 20. d4 Bxg2
21. Rh2 Bd5 22. Rg1 Rf8 23. Qh6 g6 24. Rf2 Qa6 25. Ka1 Qd3 26. Nxd5 exd5 27. e6 1-0

[Event "52nd World Juniors 2013"]
[Site "Kocaeli TUR"]
[Date "2013.09.17"]
[Round "5.24"]
[White "Sanal, Vahap"]
[Black "Ozdover, Mustafa Berkay"]
[Result "1-0"]
[WhiteTitle "IM"]
[WhiteElo "2419"]
[BlackElo "2005"]
[WhiteFideId "6300545"]
[BlackFideId "6311482"]
[EventDate "2013.09.13"]

1. e4 Nf6 2. e5 Nd5 3. d4 d6 4. c4 Nb6 5. exd6 exd6 6. Nf3 Bg4 7. Be2 Be7 8. O-O
O-O 9. Nc3 Nc6 10. b3 Bf6 11. Be3 Re8 12. h3 Bh5 13. Rc1 d5 14. c5 Nc8 15. b4 h6
16. b5 Na5 17. g4 Bg6 18. Ne5 Bxe5 19. dxe5 c6 20. Bd4 Nc4 21. bxc6 bxc6 22. f4
f6 23. exf6 Ne3 24. Qd2 Nxf1 25. Rxf1 Rb8 26. f5 Bh7 27. g5 hxg5 28. Qxg5 Qc7
29. Bh5 Rf8 30. fxg7 1-0

[Event "52nd World Juniors 2013"]
[Site "Kocaeli TUR"]
[Date "2013.09.17"]
[Round "5.25"]
[White "Bai, Jinshi"]
[Black "Pon, Matt"]
[Result "1-0"]
[BlackTitle "FM"]
[WhiteElo "2419"]
[BlackElo "1919"]
[WhiteFideId "8602280"]
[BlackFideId "14301644"]
[EventDate "2013.09.13"]

1. d4 Nf6 2. c4 e6 3. Nc3 Bb4 4. Qc2 c5 5. dxc5 Bxc5 6. Nf3 Qb6 7. e3 Qc7 8. g4
Nxg4 9. Rg1 Ne5 10. Nxe5 Qxe5 11. f4 Qf6 12. Bd2 Qh4+ 13. Rg3 Bf8 14. O-O-O Qd8
15. Ne4 f5 16. Ng5 Nc6 17. Bc3 Qe7 18. Be2 Kd8 19. e4 h6 20. Nf3 fxe4 21. Qxe4
Qf7 22. Ne5 Nxe5 23. Bxe5 Qf5 24. Qd4 1-0

[Event "52nd World Juniors 2013"]
[Site "Kocaeli TUR"]
[Date "2013.09.17"]
[Round "5.27"]
[White "Neves, Pedro"]
[Black "Ter-Sahakyan, Samvel"]
[Result "0-1"]
[BlackTitle "GM"]
[WhiteElo "2212"]
[BlackElo "2575"]
[WhiteFideId "1905554"]
[BlackFideId "13302531"]
[EventDate "2013.09.13"]

1. c4 e5 2. Nc3 Nc6 3. g3 g6 4. Bg2 Bg7 5. e4 d6 6. Nge2 h5 7. h4 Bg4 8. d3 Nd4
9. Qa4+ c6 10. Nxd4 exd4 11. Nb1 Nf6 12. Bg5 Qb6 13. Qc2 Nd7 14. Nd2 Ne5 15. Rb1
a5 16. Bf4 O-O 17. O-O Rfe8 18. Rfe1 Qc7 19. Nf1 Be6 20. Nh2 a4 21. Nf3 c5 22.
b4 axb3 23. axb3 Nc6 24. Bd2 Nb4 25. Bxb4 cxb4 26. Qd2 Qc5 27. Qf4 Be5 28. Qh6
Bg7 29. Qf4 Bd7 30. Ng5 Re7 31. Qf3 Bg4 32. Qf4 Ra2 33. Ra1 Ra3 34. Rxa3 bxa3
35. Ra1 b6 36. Qd2 Ra7 37. b4 Qc8 38. Qf4 Be5 39. Qd2 Qa6 40. f3 Bd7 41. f4 Bg7
42. b5 Qa4 43. Qa2 Bf6 44. Nf3 Qb4 45. Ne1 Qc3 46. Bf1 Be7 47. Rb1 Ra4 48. Nc2
Bg4 49. Na1 Rb4 50. Nb3 Bd1 51. Qxa3 Bxb3 52. Qa7 Bf8 53. Qxb6 Ra4 54. f5 Ra2
55. fxg6 Qd2 56. gxf7+ Kh7 0-1

[Event "52nd World Juniors 2013"]
[Site "Kocaeli TUR"]
[Date "2013.09.17"]
[Round "5.28"]
[White "Nuri, Murad"]
[Black "Meribanov, Vitaly"]
[Result "1-0"]
[BlackTitle "FM"]
[WhiteElo "2206"]
[BlackElo "2433"]
[WhiteFideId "13404474"]
[BlackFideId "13504363"]
[EventDate "2013.09.13"]

1. Nf3 Nf6 2. d4 c5 3. c4 cxd4 4. Nxd4 Nc6 5. Nc3 g6 6. g3 Nxd4 7. Qxd4 Bg7 8.
Bg2 O-O 9. O-O d6 10. Qh4 a6 11. Bg5 Be6 12. Rac1 Rb8 13. Rfd1 Qa5 14. a3 Rfe8
15. Nd5 Bxd5 16. cxd5 Rbc8 17. Qb4 Qxb4 18. axb4 h6 19. Bh3 Rxc1 20. Bxc1 Ne4
21. f3 Ng5 22. Bf1 Rc8 23. h4 Nh7 24. e4 h5 25. Bd3 Bd4+ 26. Kf1 Nf6 27. Ke2 b5
28. Be3 Bxe3 29. Kxe3 Nd7 30. f4 Nb8 31. Kd4 Kf8 32. Ra1 e6 33. Ra3 Ke7 34. Rc3
Rxc3 35. bxc3 Nd7 36. dxe6 fxe6 37. e5 dxe5+ 38. fxe5 Kf7 39. c4 bxc4 40. Bxc4
Nb8 41. Kc5 Ke7 42. Bd3 Nd7+ 43. Kd4 Nb8 44. Be4 Kf7 45. Bf3 Ke7 46. Bb7 Kd7 47.
Kc5 Kc7 48. Be4 Nd7+ 49. Kd4 Nf8 50. Bc2 Kb6 51. Bd3 Nd7 52. Bxg6 Nb8 53. Be8 1-0

[Event "52nd World Juniors 2013"]
[Site "Kocaeli TUR"]
[Date "2013.09.17"]
[Round "5.29"]
[White "Firat, Burak"]
[Black "Gundogan, Cem"]
[Result "1-0"]
[WhiteTitle "IM"]
[WhiteElo "2423"]
[BlackElo "2072"]
[WhiteFideId "6305881"]
[BlackFideId "6311032"]
[EventDate "2013.09.13"]

1. e4 e5 2. Nf3 Nc6 3. d4 exd4 4. Nxd4 Nf6 5. Nxc6 bxc6 6. e5 Qe7 7. Qe2 Nd5 8.
c4 Nb6 9. Nc3 Bb7 10. Bd2 d5 11. exd6 Qxe2+ 12. Bxe2 cxd6 13. O-O-O f5 14. Rhe1
Kf7 15. g4 d5 16. gxf5 Bc5 17. cxd5 cxd5 18. Be3 Bxe3+ 19. fxe3 Rhe8 20. Nb5
Rad8 21. Nd4 Re5 22. Kd2 Nc4+ 23. Bxc4 dxc4 24. Kc3 Be4 25. Nc6 Bxc6 26. Rxd8
Rxf5 27. Rd4 1-0

[Event "52nd World Juniors 2013"]
[Site "Kocaeli TUR"]
[Date "2013.09.17"]
[Round "5.32"]
[White "Franklin, Samuel G A"]
[Black "Buyukasik, Diyap"]
[Result "1/2-1/2"]
[WhiteTitle "FM"]
[WhiteElo "2353"]
[BlackElo "2046"]
[WhiteFideId "468576"]
[BlackFideId "6319602"]
[EventDate "2013.09.13"]

1. e4 c5 2. Nf3 d6 3. d4 cxd4 4. Nxd4 Nf6 5. Nc3 a6 6. f3 e5 7. Nb3 Be6 8. Be3
Be7 9. Qd2 Nbd7 10. g4 O-O 11. g5 Nh5 12. O-O-O b5 13. Kb1 Nb6 14. Nd5 Bxd5 15.
exd5 f5 16. Na5 f4 17. Bf2 Bxg5 18. Nc6 Qc7 19. Rg1 Bf6 20. Bd3 Nc4 21. Bxc4
bxc4 22. Qb4 e4 23. Bb6 Qb7 24. Na5 Qe7 25. fxe4 Qxe4 26. Rge1 Qg6 27. Nxc4 Rac8
28. b3 f3 29. Qxd6 f2 30. Bxf2 Rfe8 31. Rxe8+ Rxe8 32. Re1 Rxe1+ 33. Bxe1 h6 34.
Qe6+ Kh7 35. Qe3 Qg4 36. Bc3 Qd1+ 37. Kb2 Qxd5 38. a4 Bg5 39. Qe2 Nf6 40. Ne5
Qh1 41. Nf3 Qc1+ 42. Ka2 Qf4 43. Qd3+ Kh8 44. Qd8+ Kh7 45. Qd3+ Kh8 46. Be5 Qc1
47. Nxg5 Qxg5 48. Qc3 Ng4 49. Bg3 Qg6 50. Kb2 Qe6 51. Qc4 Qf6+ 52. Ka2 Ne3 53.
Qe4 Qc3 54. Qe8+ Kh7 55. Qe4+ Kh8 56. Be5 Qxc2+ 57. Qxc2 Nxc2 58. Kb2 Nb4 59.
Kc3 Nc6 60. Bd6 Kg8 61. Kc4 Na5+ 62. Kc3 Kf7 63. b4 Nb7 64. Bg3 Ke6 65. Kd4 g5
66. Kc4 h5 67. b5 a5 68. b6 h4 69. Be1 Kd6 70. Kb5 Kd5 71. Ka6 Kc6 72. Ka7 Nd6
73. Bxa5 g4 74. Be1 g3 75. Bxg3 hxg3 76. hxg3 Nc8+ 77. Kb8 Nxb6 78. a5 Nd7+ 79.
Kc8 Ne5 1/2-1/2

[Event "52nd World Juniors 2013"]
[Site "Kocaeli TUR"]
[Date "2013.09.17"]
[Round "5.35"]
[White "Chu, Wei Chao"]
[Black "Temizkan, Denizcan"]
[Result "1/2-1/2"]
[WhiteElo "2270"]
[BlackElo "1921"]
[WhiteFideId "8605661"]
[BlackFideId "6325157"]
[EventDate "2013.09.13"]

1. d4 d5 2. c4 c6 3. Nf3 Nf6 4. Nc3 e6 5. g3 Nbd7 6. Bg2 Be7 7. O-O O-O 8. b3
Qa5 9. Qd3 dxc4 10. bxc4 e5 11. Bd2 Qc7 12. Qc2 exd4 13. Nxd4 Qe5 14. Nf3 Qh5
15. Bf4 Nc5 16. e4 Be6 17. Qe2 Nfd7 18. Rac1 Bg4 19. e5 Ne6 20. Rfd1 Nxf4 21.
gxf4 Nc5 22. Ne4 Ne6 23. Qe3 Qf5 24. Nd4 Qxf4 25. Nxe6 Qxe3 26. fxe3 Bxe6 27.
Nd6 Bxd6 28. exd6 Rad8 29. c5 a6 30. Rb1 Rd7 31. Rd2 f5 32. Rdb2 Rff7 33. a3 1/2-1/2

[Event "52nd World Juniors 2013"]
[Site "Kocaeli TUR"]
[Date "2013.09.17"]
[Round "5.36"]
[White "Zhanbai Uulu, Zhokhar"]
[Black "Carneiro, Vitor Roberto Castro"]
[Result "0-1"]
[BlackTitle "CM"]
[WhiteElo "1843"]
[BlackElo "2263"]
[WhiteFideId "13800809"]
[BlackFideId "2130106"]
[EventDate "2013.09.13"]

1. e4 g6 2. f4 d5 3. e5 c5 4. Nf3 Nc6 5. g3 Bg7 6. Bg2 Nh6 7. O-O O-O 8. d3 f6
9. exf6 exf6 10. c3 Be6 11. Na3 Qd7 12. Nc2 Rae8 13. Be3 b6 14. Qd2 Ng4 15. Bf2
Nxf2 16. Qxf2 Bf7 17. h3 Qd6 18. Qd2 Kh8 19. Kh1 b5 20. Qf2 a5 21. a3 Rb8 22.
Rac1 Rfd8 23. Nd2 b4 24. axb4 cxb4 25. Kh2 bxc3 26. bxc3 Rb2 27. d4 a4 28. Qf3
Na5 29. Qd3 Be8 30. Nb4 Rb8 31. Nxd5 Nb3 32. Rc2 Bb5 33. c4 Rxc2 34. Ne4 Rxg2+
35. Kxg2 Qxd5 0-1

[Event "52nd World Juniors 2013"]
[Site "Kocaeli TUR"]
[Date "2013.09.17"]
[Round "5.37"]
[White "Cingoz, Ozan"]
[Black "Saiyn, Zhanat"]
[Result "1/2-1/2"]
[BlackTitle "FM"]
[WhiteElo "1918"]
[BlackElo "2337"]
[WhiteFideId "6333397"]
[BlackFideId "13703820"]
[EventDate "2013.09.13"]

1. e4 c5 2. Nf3 e6 3. d4 cxd4 4. Nxd4 Nc6 5. g3 Nf6 6. Bg2 a6 7. O-O Qc7 8. Nc3
d6 9. a4 Bd7 10. Kh1 Be7 11. f4 O-O 12. Nb3 b6 13. Qe2 Bc8 14. Be3 Bb7 15. Rae1
Nd7 16. g4 h6 17. Rf3 Rfe8 18. Rh3 Bf8 19. g5 g6 20. gxh6 Kh7 21. Nd2 Be7 22.
Nf3 Rf8 23. Bf2 Rae8 24. Bh4 f6 25. Bf2 Nc5 26. Qc4 Na5 27. Qa2 Nc6 28. Qc4 Na5
29. Qa2 Nc6 1/2-1/2

[Event "52nd World Juniors 2013"]
[Site "Kocaeli TUR"]
[Date "2013.09.17"]
[Round "5.38"]
[White "Farid, Firman Syah"]
[Black "Soysal, Serkan"]
[Result "1-0"]
[WhiteTitle "IM"]
[WhiteElo "2433"]
[BlackElo "2097"]
[WhiteFideId "7102526"]
[BlackFideId "6349250"]
[EventDate "2013.09.13"]

1. d4 Nf6 2. c4 g6 3. Nc3 d5 4. Bg5 Bg7 5. Nf3 dxc4 6. e3 Be6 7. Ne5 c5 8. Qa4+
Nbd7 9. Bxc4 Bxc4 10. Qxc4 Nxe5 11. dxe5 Nd7 12. e6 fxe6 13. Qxe6 Bf6 14. O-O-O
Bxc3 15. bxc3 Rc8 16. Rd6 Rf8 17. Rhd1 Rc7 18. Bh6 Rf7 19. R6d2 b6 20. Bf4 Rb7
21. Qc6 1-0

[Event "52nd World Juniors 2013"]
[Site "Kocaeli TUR"]
[Date "2013.09.17"]
[Round "5.39"]
[White "Yuksel, Atilla Koksal"]
[Black "Asgarizadeh, Ahmad"]
[Result "1-0"]
[WhiteTitle "CM"]
[WhiteElo "2060"]
[BlackElo "2354"]
[WhiteFideId "6306667"]
[BlackFideId "12505684"]
[EventDate "2013.09.13"]

1. e4 c5 2. Nf3 e6 3. c4 Nc6 4. Nc3 Nf6 5. Be2 d5 6. exd5 exd5 7. d4 cxd4 8.
Nxd4 dxc4 9. Nxc6 Qxd1+ 10. Kxd1 bxc6 11. Bxc4 Bg4+ 12. f3 O-O-O+ 13. Ke2 Bh5
14. Be3 Kb7 15. Rad1 Bb4 16. Na4 Rhe8 17. Rxd8 Rxd8 18. Nc5+ Ka8 19. a3 Bxc5 20.
Bxc5 Nd5 21. g3 Nb6 22. Ba6 Na4 23. Be3 Bg6 24. Rc1 Rd6 25. b4 Nb6 26. Rc5 f6
27. g4 Bf7 28. Bf4 Re6+ 29. Kf2 Bg6 30. Bg3 Bb1 31. a4 Nxa4 32. Rc1 Ba2 33. Bc8
Re7 34. Bd6 Rf7 35. Re1 Nb6 36. Ba6 1-0

[Event "52nd World Juniors 2013"]
[Site "Kocaeli TUR"]
[Date "2013.09.17"]
[Round "5.40"]
[White "Antal, Tibor Kende"]
[Black "Du Plessis, Heinco"]
[Result "1-0"]
[WhiteTitle "FM"]
[WhiteElo "2321"]
[BlackElo "2050"]
[WhiteFideId "738581"]
[BlackFideId "14306263"]
[EventDate "2013.09.13"]

1. d4 Nf6 2. c4 c5 3. d5 e5 4. Nc3 d6 5. e4 Be7 6. Bd3 Nbd7 7. Be3 Nf8 8. h3 Ng6
9. Nf3 h5 10. g3 h4 11. g4 Nh7 12. Qd2 f6 13. O-O Bd7 14. a3 O-O 15. Ne1 Ng5 16.
Kg2 Qc8 17. f3 a6 18. Nc2 Bd8 19. b4 b6 20. a4 Nh7 21. a5 cxb4 22. Nxb4 bxa5 23.
Nc6 Bxc6 24. dxc6 Qxc6 25. c5 Kh8 26. Bc4 Rb8 27. Bd5 Qc7 28. c6 Ne7 29. Rfc1
Rb4 30. Qf2 g5 31. Be6 Qb8 32. Ba7 Qa8 33. Na2 Rb5 34. c7 Bxc7 35. Rxc7 Ng6 36.
Be3 1-0

[Event "52nd World Juniors 2013"]
[Site "Kocaeli TUR"]
[Date "2013.09.17"]
[Round "5.41"]
[White "Zeydan, Salih"]
[Black "Grandadam, Nicolas"]
[Result "0-1"]
[BlackTitle "FM"]
[WhiteElo "1968"]
[BlackElo "2309"]
[WhiteFideId "6361722"]
[BlackFideId "681806"]
[EventDate "2013.09.13"]

1. e4 c5 2. Nc3 a6 3. Nge2 e6 4. g3 b5 5. Bg2 Bb7 6. d4 cxd4 7. Nxd4 d6 8. O-O
Qc7 9. Re1 Be7 10. Qe2 Nc6 11. Be3 Nf6 12. Rad1 O-O 13. a4 b4 14. Na2 Nxd4 15.
Rxd4 a5 16. c3 b3 17. Nc1 e5 18. Rdd1 Bc6 19. Qc4 Qd7 20. Nxb3 Rfc8 21. Qe2 Bxa4
22. Nc5 Bxd1 23. Nxd7 Bxe2 24. Nxf6+ Bxf6 25. Rxe2 a4 26. Rc2 Rab8 27. Bf1 Rb3
28. c4 Bd8 29. Bh3 Rcb8 30. Bd7 Rxb2 31. Rxb2 Rxb2 32. Bxa4 Bb6 33. Bxb6 Rxb6
34. Kg2 Rb4 35. Bb5 Kf8 36. Kf3 Ke7 37. Ke3 Rb3+ 38. Ke2 Rb2+ 39. Ke3 Rc2 40. h4
Kd8 41. f3 Rc3+ 42. Ke2 f6 43. g4 h6 44. h5 Kc7 45. Kf2 Kb6 46. Kg2 Kc5 47. Kg3
Kd4 48. Kf2 Rc2+ 49. Kg3 Ke3 0-1

[Event "52nd World Juniors 2013"]
[Site "Kocaeli TUR"]
[Date "2013.09.17"]
[Round "5.42"]
[White "Aydin, Hasan Bora"]
[Black "Tomazini, Zan"]
[Result "0-1"]
[BlackTitle "FM"]
[WhiteElo "1848"]
[BlackElo "2277"]
[WhiteFideId "6336612"]
[BlackFideId "14608162"]
[EventDate "2013.09.13"]

1. e4 g6 2. d4 Bg7 3. Nc3 d6 4. f4 a6 5. Nf3 b5 6. a4 b4 7. Nd5 Bb7 8. Nxb4 Bxe4
9. Bd3 Bb7 10. Qe2 Nf6 11. c4 c5 12. dxc5 Qa5 13. Bd2 Qxc5 14. Nc2 O-O 15. b4
Qc7 16. O-O Nbd7 17. a5 e5 18. fxe5 dxe5 19. Ng5 e4 20. Nxe4 Nxe4 21. Bf4 Qc6
22. b5 Qc5+ 23. Be3 Qe7 24. Bd4 Bxd4+ 25. Nxd4 Qc5 26. Qe3 Nd2 27. Rfe1 Rae8 28.
Qxd2 Qxd4+ 29. Kf1 Ne5 30. Rad1 Ng4 0-1